| 000 | 01049nam a2200241Ia 4500 | ||
|---|---|---|---|
| 999 |
_c49168 _d49168 |
||
| 001 | 16079 | ||
| 003 | GE_BSU | ||
| 005 | 20241205160220.0 | ||
| 008 | 181216s2014 ge |||||||||||||| ||geo|| | ||
| 020 | _a9789941434846 | ||
| 040 | _cGE_BSU | ||
| 041 | _ageo | ||
| 080 | _a577.2(075.8) ხ-98 | ||
| 100 |
_aხუხუნაიშვილი, რუსუდან. _93241 |
||
| 245 |
_aმოლეკულური ბიოლოგია : _bსახელმძღვ. / _cრუსუდან ხუხუნაიშვილი ; რედ : ქ. დოლიძე ; მ. ნაგერვაძე. |
||
| 264 |
_aბათუმი. : _bსახელმწიფო უნ-ტი, _c2014. |
||
| 300 |
_a403 გვ.: _bილ, _c23 სმ. |
||
| 653 | _aმოლეკულური ბიოლოგია | ||
| 653 | _aბიოლოგია | ||
| 700 |
_aდოლიძე, ქ _eრედაქტორი _91130 |
||
| 700 |
_aნაგერვაძე, მ _eრედაქტორი _93242 |
||
| 942 |
_cBK _2udc |
||